000 00316nam a2200109Ia 4500
008 171211s9999 xx 000 0 und d
245 _aZahnarztlügen: Wie Sie Ihr Zahnarzt krank behandelt
245 _cDorothea Brandt
260 _c2010
650 _xFITNESS
856 _uhttp://down.ebook777.com/064/3839156483.pdf
999 _c349019
_d349019